| 000 | 01624cab a2200361 4500 | ||
|---|---|---|---|
| 001 | ABS67631 | ||
| 008 | 040317n2004 000 0 eng u | ||
| 035 | _a(Sirsi) u125447 | ||
| 100 | _aChapman, P. | ||
| 245 | _aSpecial report: international | ||
| 260 | _c2004 | ||
| 490 |
_aNational Real Estate Investor _v46(2) February 2004, 19-34(13) |
||
| 520 | _aThe first article "Private office developers blaze new trail in Europe" looks at the current position of early American private office developers in Moscow and Warsaw. "Retailing roster grows overseas" highlights why American retailers and investors are expanding into Europe and Asia by partnering with local affiliates. "Hoteliers head for the far East"considers how developers and hotel companies are seizing the opportunity to grow market share in China. The final article "Multinational corporations zero in on cost-efficiency" discusses how international service providers who have global real estate responsibilities for multinational corporations are driving major change in how companies manage their properties. | ||
| 590 | _aABS | ||
| 650 | _aMOSCOW | ||
| 650 | _aWARSAW | ||
| 650 | _aEUROPE | ||
| 650 | _aAMERICA | ||
| 650 | _aPROPERTY-COMMERCIAL PROPERTY | ||
| 650 | _aREAL ESTATE MARKETS | ||
| 650 | _aOFFICE DEVELOPMENT | ||
| 650 | _aSERVICE PROVIDERS | ||
| 650 | _aMULTINATIONAL COMPANIES | ||
| 650 | _aCHINA | ||
| 650 | _aHOTEL MARKET | ||
| 650 | _aCOST EFFICIENCY | ||
| 650 | _aGLOBAL PROPERTY MARKET | ||
| 690 | _aINTERNATIONAL | ||
| 700 | _aMcLinden, S. | ||
| 700 | _aWebb, S. | ||
| 700 | _aGose, J. | ||
| 942 | _n0 | ||
| 999 |
_c74278 _d74278 |
||